Normal view
MARC view
Entry Topical Term
001 - CONTROL NUMBER
- control field: 8941
003 - CONTROL NUMBER IDENTIFIER
- control field: OSt
005 - DATE AND TIME OF LATEST TRANSACTION
- control field: 20160525170912.0
008 - FIXED-LENGTH DATA ELEMENTS
- fixed length control field: 160525|| aca||aabn | a|a d
040 ## - CATALOGING SOURCE
- Original cataloging agency: OSt
- Transcribing agency: OSt
150 ## - HEADING--TOPICAL TERM
- Topical term or geographic name entry element: Aspergillus
- General subdivision: Congresses.
670 ## - SOURCE DATA FOUND
- Source citation: Work cat.: (OSt)4150: International Symposium on Topics in Mycology (2nd : 1987 : University of Antwerp) 8939, Aspergillus and aspergillosis /, 1988.
